1735 1017 1477 1419 1117 1534 1040 1112 1923 1101 1017 1458 1945 1622 1302 1832 1100 1570 1395 1837 1300 1523 1882 1553 1323 1927 1156 1526 1521 1270 1060 1861 1952 1739 1420 1860 1947 1060 1017 1633 1266 1680 1944 1524 1353 1288 1897 1574 1580 1195 1889 1721 1436 1663 1394 1794 1855 1083 1680 1263 1403 1447 1701 1148 1334 1281 1398 1057 1783 1288 1015 1837 1556 1668 1528 1269 1483 1231 1738 1465 1723 1294 1748 1955 1071 1707 1325 1957 1464 1117 1556 1924 1103 1223 1534 1913 1434 1377 1557 BCNSPRNW ULIB Ver.6.0+V

เปลี่ยนเป็นภาษาไทย

Change to English
 แสดงรายละเอียดบรรณานุกรม
  กลับหน้าหลัก

Brief Record : Get Marc (ISO 2709) : E-mail record : QR code < ปิดหน้าต่าง
LEADER : 00000nam 2200000uu 4500
001    13399124569
003     ULIB
008    020711s2558 th a 000 0 tha d
020    9789746729468
060    QY200^bส687ส
100    สาวิตรี เจียมพานิชยกุล.
245    สารน้ำในร่างกาย =^bBody fluids./^cสาวิตรี เจียมพานิชยกุล,ทรงยศ อนุชปรีดา.,ณัฐจีรา อินต๊ะใส.,สิงห์คำ ธิมา.
250    พิมพ์ครั้งที่ 1
260    เชียงใหม่ :^bมหาวิทยาลัยเชียงใหม่,^c2558
300    208 หน้า;^b21 ซม.
650    สารน้ำในร่างกาย
700    ทรงยศ อนุชปรีดา.
700    ณัฐจีรา อินต๊ะใส.
700    สิงห์คำ ธิมา.
710    มหาวิทยาลัยเชียงใหม่.^bคณะเทคนิคการแพทย์.
945    ^p370^l0^i23198
945    ^p370^l0^i23197
945    ^p370^l0^i23196
รายการนี้ยังไม่มีแท็ก
คุณยังไม่ได้ล็อกอิน คุณสามารถมีกิจกรรมร่วมกับเว็บไซต์ได้ แต่ต้องล็อกอินก่อน ::
  ล็อกอิน

รายการสื่อสารสนเทศ

ลำดับที่ ประเภท เลขเรียก/บาร์โค้ด สถานที่ สถานะ
1. วิทยาศาสตร์การแพทย์ และสุขภาพ
วิทยาศาสตร์การแพทย์ และสุขภาพ
สถานะ=หนังสือเก่า
QY200 ส687ส ฉ.1 
  Barcode: 23196
ห้องสมุดวิทยาเขตนครสวรรค์
►ส่วนจัดเก็บหนังสือเก่า นว.
บนชั้น
  ขอยืม
2. วิทยาศาสตร์การแพทย์ และสุขภาพ
วิทยาศาสตร์การแพทย์ และสุขภาพ
สถานะ=หนังสือเก่า
QY200 ส687ส ฉ.2 
  Barcode: 23197
ห้องสมุดวิทยาเขตนครสวรรค์
►ส่วนจัดเก็บหนังสือเก่า นว.
บนชั้น
  ขอยืม
3. วิทยาศาสตร์การแพทย์ และสุขภาพ
วิทยาศาสตร์การแพทย์ และสุขภาพ
สถานะ=หนังสือเก่า
QY200 ส687ส ฉ.3 
  Barcode: 23198
ห้องสมุดวิทยาเขตนครสวรรค์
►ส่วนจัดเก็บหนังสือเก่า นว.
บนชั้น
  ขอยืม

รายการใกล้เคียง
    ผู้แต่ง [สาวิตรี เจียมพานิชยกุล.]

    หัวเรื่อง [สารน้ำในร่างกาย]

BibComment


ยังไม่เคยถูกคอมเมนท์

คอมเมนท์ทรัพยากรรายการนี้
  คอมเมนท์: สารน้ำในร่างกาย ..


 Copyright 2026. Bcnsprnw @Library